000
00247 a2200097 4500
001
15570
100
_a
Malik, Charles
245
_a
God and Man in Contempovary Islamic Thought
260
_a
_b
American University of Beirut
_c
090
_c
12142
_d
12142
942
_a
NUST-CAE
_c
_c
2384
999
_c
250643
_d
250643